[Event "Politiken Cup 2013"]
[Site "Helsingor DEN"]
[Date "2013.07.31"]
[Round "6.80"]
[White "Molvig,Julius"]
[Black "Schmied,A"]
[Result "1/2-1/2"]
[WhiteElo "1889"]
[BlackElo "2063"]

1.d4 Nf6 2.c4 g6 3.Nc3 d5 4.cxd5 Nxd5 5.e4 Nxc3 6.bxc3 Bg7 7.Bc4 c5 8.Ne2 Nc6
9.Be3 O-O 10.O-O e6 11.Rc1 b6 12.Qd2 Bb7 13.Bb3 Na5 14.Ng3 Rc8 15.Rfd1 cxd4
16.cxd4 Rxc1 17.Rxc1 Qd7 18.h3  1/2-1/2

[Event "100th ch-GBR 2013"]
[Site "Torquay ENG"]
[Date "2013.07.31"]
[Round "3.12"]
[White "Wells,P"]
[Black "Yeo,M"]
[Result "1-0"]
[WhiteElo "2479"]
[BlackElo "2170"]

1.d4 Nf6 2.c4 g6 3.Nc3 d5 4.cxd5 Nxd5 5.e4 Nxc3 6.bxc3 Bg7 7.Nf3 c5 8.Rb1 O-O
9.Be2 Nc6 10.d5 Ne5 11.Nxe5 Bxe5 12.Qd2 e6 13.f4 Bc7 14.O-O exd5 15.exd5 Ba5
16.d6 Rb8 17.Rb5 b6 18.Rxa5 bxa5 19.Ba3 c4 20.Bxc4 Qb6+ 21.Kh1 Ba6 22.Bxa6 Qxa6
23.Rc1 Qc4 24.d7 Rfd8 25.Be7 Qc6 26.Bxd8 Rxd8 27.Rd1 a6 28.Qd4 f6 29.c4 Kf7
30.c5  1-0

[Event "Politiken Cup 2013"]
[Site "Helsingor DEN"]
[Date "2013.08.01"]
[Round "7.20"]
[White "Lund,E"]
[Black "Merkesvik,Sondre"]
[Result "1-0"]
[WhiteElo "2421"]
[BlackElo "1980"]

1.d4 Nf6 2.c4 g6 3.Nc3 d5 4.cxd5 Nxd5 5.e4 Nxc3 6.bxc3 Bg7 7.Nf3 c5 8.Rb1 O-O
9.Be2 Nc6 10.d5 Ne5 11.Nxe5 Bxe5 12.Qd2 Qa5 13.Rb3 e6 14.f4 Bg7 15.c4 Qxd2+
16.Bxd2 b6 17.O-O Bd4+ 18.Be3 Bxe3+ 19.Rxe3 Bb7 20.Rd1 e5 21.fxe5 Rfe8 22.e6 fxe6
23.e5 Rf8 24.dxe6 Rfe8 25.Rd7 Bc8 26.Bf3 Rb8 27.Bd5 Kh8 28.Rd6 Kg7 29.Rf3 Re7
30.Rd8  1-0

[Event "3rd Chinese Master Rapid Men"]
[Site "Shenzhen CHN"]
[Date "2013.08.01"]
[Round "6.4"]
[White "Zhou Jianchao"]
[Black "Li Chao2"]
[Result "1/2-1/2"]
[WhiteElo "2572"]
[BlackElo "2686"]

1.d4 Nf6 2.c4 g6 3.Nc3 d5 4.cxd5 Nxd5 5.e4 Nxc3 6.bxc3 Bg7 7.Qa4+ Bd7 8.Qa3 O-O
9.Nf3 b6 10.Bg5 c5 11.Rd1 Qc7 12.Be2 h6 13.Be3 Qc6 14.O-O Qxe4 15.dxc5 Bc6
16.Qb4 bxc5 17.Qxe4 Bxe4 18.Bxc5 Nc6 19.Nd4 Rfb8 20.Rfe1 e6 21.Bc4 Nxd4 22.cxd4 Bc6
23.d5 Ba4 24.dxe6 Bxd1 25.exf7+ Kh8 26.Rxd1 Rc8 27.Bd5 Rab8 28.Bxa7 Rb5 29.Bb3 Bf6
30.g3 Kg7 31.Rd7 Kf8 32.h4 g5 33.hxg5 hxg5 34.Kg2 Be7 35.Be3 Bf6 36.Kf3 Rb4
37.Rd6 Kg7 38.Rd7 Kf8 39.Rd5 Rc3 40.Rc5 Rcxb3 41.axb3 Rxb3 42.Kg4 Rb4+ 43.Kf5 Be7
44.Rd5 Rb2 45.Kg6 Rc2 46.Bxg5 Bxg5 47.Kxg5 Rxf2 48.Rf5 Rd2 49.g4 Rd6 50.Rf4 Rd8
51.Kg6 Rd6+ 52.Kh5 Rd8 53.Kg6 Rd6+ 54.Kh7 Rd5 55.Rf6 Rg5 56.Rf4 Rd5 57.Kh6 Rd6+
58.Kh5 Rd8 59.g5 Rd1 60.g6 Rh1+ 61.Rh4 Rg1 62.Re4 Rxg6  1/2-1/2

[Event "XXII TCh-MKD 2013"]
[Site "Struga MKD"]
[Date "2013.08.01"]
[Round "4.3"]
[White "Mitkov,M"]
[Black "Trajkoski,S"]
[Result "0-1"]
[WhiteElo "2336"]
[BlackElo "2320"]

1.d4 Nf6 2.c4 g6 3.Nc3 d5 4.cxd5 Nxd5 5.e4 Nxc3 6.bxc3 Bg7 7.Qa4+ c6 8.Nf3 O-O
9.Be3 Nd7 10.Rd1 Qc7 11.Bd3 b5 12.Qa3 Nb6 13.Qc1 Bg4 14.h3 Bxf3 15.gxf3 e5
16.f4 exf4 17.Bxf4 Qd7 18.Kf1 Rae8 19.Kg2 f5 20.exf5 Qd5+ 21.Kg3 gxf5 22.Rhe1 Rxe1
23.Rxe1 Rf6 24.Kh2 Qxa2 25.Re8+ Bf8 26.Re2 Qd5 27.Re3 Rg6 28.Rg3 Qf7 29.Qc2 Nd5
30.Be5 Rxg3 31.fxg3 Ne3 32.Qf2 Bh6 33.Bb1 Qh5 34.Ba2+ Kf8 35.Kg1 Qxh3 36.d5 Qg4
37.dxc6 Qd1+  0-1

[Event "Politiken Cup 2013"]
[Site "Helsingor DEN"]
[Date "2013.08.02"]
[Round "8.101"]
[White "Frederiksen Kristian,Pade"]
[Black "Jorgensen,R"]
[Result "1/2-1/2"]
[WhiteElo "1823"]
[BlackElo "2064"]

1.d4 g6 2.c4 Nf6 3.Nc3 d5 4.cxd5 Nxd5 5.e4 Nxc3 6.bxc3 Bg7 7.Bc4 c5 8.Ne2 Nc6
9.Be3 O-O 10.O-O cxd4 11.cxd4 Qa5 12.Rb1 Qh5 13.Rb5 Qg4 14.Qc2 Qd7 15.Rd1 e6
16.d5 exd5 17.Rbxd5 Nb4 18.Bc5 Qxd5 19.Bxb4 Qg5 20.Bxf8 Bxf8 21.Qb3 Qf6 22.f4 Bc5+
23.Kh1 Bb6 24.h3 Be6 25.Bxe6 Qxe6 26.Qxe6 fxe6 27.Rd7 Rd8 28.Rxb7 Rd2 29.Nc3 Be3
30.g3 Bf2 31.e5 Rc2 32.Ne4 Rxa2 33.Nxf2 Rxf2 34.Rxa7 g5 35.Kg1 Re2 36.Re7 gxf4
37.gxf4 Re4 38.Rxe6 Rxf4 39.Re8+  1/2-1/2

[Event "17th Godesberg Open"]
[Site "Bonn GER"]
[Date "2013.08.03"]
[Round "1.17"]
[White "Rieger,Isabelle"]
[Black "Schwab,T1"]
[Result "0-1"]
[WhiteElo "1704"]
[BlackElo "2053"]

1.d4 Nf6 2.c4 g6 3.Nc3 d5 4.cxd5 Nxd5 5.e4 Nxc3 6.bxc3 Bg7 7.Nf3 c5 8.h3 Nc6
9.Be3 O-O 10.Be2 Qa5 11.Qd2 Rd8 12.Rd1 b6 13.O-O Bb7 14.Qc2 cxd4 15.Nxd4 Rac8
16.Bg4 Nxd4 17.Bxd4 e6 18.Bxg7 Kxg7 19.Rxd8 Rxd8 20.Re1 h5 21.Bd1 b5 22.Qb2 Bxe4
23.Rxe4 Rxd1+ 24.Kh2 Qc7+ 25.g3 Qc6 26.f3 f6 27.Qc2 Qd5 28.Rd4 Rxd4 29.cxd4 Qxd4
30.Qc7+ Kh6 31.Qc1+ g5 32.Qc2 f5 33.Kg2 Qd5 34.Qb2 e5 35.Qc2 g4  0-1

[Event "41st GM"]
[Site "Dortmund GER"]
[Date "2013.08.03"]
[Round "8.4"]
[White "Kramnik,V"]
[Black "Caruana,F"]
[Result "1-0"]
[WhiteElo "2784"]
[BlackElo "2796"]

1.d4 Nf6 2.c4 g6 3.Nc3 d5 4.cxd5 Nxd5 5.e4 Nxc3 6.bxc3 Bg7 7.Be3 c5 8.Rc1 Qa5
9.Qd2 cxd4 10.cxd4 Qxd2+ 11.Bxd2 O-O 12.Nf3 e6 13.Bc4 Nc6 14.d5 exd5 15.Bxd5 h6
16.O-O Re8 17.Rb1 Re7 18.Rfc1 Be6 19.Bxe6 fxe6 20.Kf1 Rd8 21.Be3 Rd3 22.Ne1 Rd8
23.h4 Rf7 24.Nf3 Rd3 25.Bc5 Rfd7 26.Ke2 Rc3 27.Rxc3 Bxc3 28.g4 Bf6 29.Be3 Kg7
30.g5 hxg5 31.hxg5 Be7 32.Bd2 Bd8 33.Bc3+ Kg8 34.Bf6 Bb6 35.Nh2 Rh7 36.Ng4 Kf8
37.Kf3 Ke8 38.Kg2 Rh4 39.Kg3 Rh7 40.f4 Rd7 41.Rh1 Rd3+ 42.Kg2 Rd2+ 43.Kf3 Rd3+
44.Kg2 Rd2+ 45.Kf3 Rd3+ 46.Ke2 Rg3 47.Rh4 Kd7 48.Bg7 Nd4+ 49.Kf1 Kc6 50.Ne5+ Kb5
51.Rh2 Re3 52.Rb2+ Ka4 53.Bf8 Ba5 54.Nxg6 Rxe4 55.Bd6 Nf5 56.Be5 Ne3+ 57.Ke2 Nf5+
58.Kf2 Bb6+ 59.Rxb6 axb6 60.Nf8 Ka3 61.Nxe6 Kxa2 62.g6 Rc4 63.Nd4 Nh6 64.g7 Rc5
65.Ne6 Rc8 66.Nf8 b5 67.f5 Rc2+ 68.Kf3 Rc1 69.f6 Rf1+ 70.Ke4 Ng8 71.Kd5 b4
72.Nh7 b3 73.Ke6 Nxf6 74.Bxf6 Rg1 75.Bg5 Rxg5 76.Nxg5  1-0

[Event "Politiken Cup 2013"]
[Site "Helsingor DEN"]
[Date "2013.08.03"]
[Round "9.1"]
[White "Brunello,S"]
[Black "Cheparinov,I"]
[Result "1-0"]
[WhiteElo "2593"]
[BlackElo "2678"]

1.d4 Nf6 2.c4 g6 3.Nc3 d5 4.cxd5 Nxd5 5.e4 Nxc3 6.bxc3 Bg7 7.Nf3 c5 8.Be3 Qa5
9.Qd2 O-O 10.Rc1 Rd8 11.d5 e6 12.Be2 Nc6 13.O-O b6 14.Bg5 f6 15.Bxf6 Bxf6
16.Qf4 Rf8 17.dxc6 Qxa2 18.Bd3 Qa4 19.Qc7 c4 20.Bc2 Qa3 21.e5 Be7 22.Ra1 Qc5
23.Rxa7 Rxa7 24.Qxa7 Bd8 25.Be4 Qa5 26.Qxa5 bxa5 27.Nd4 Bc7 28.f4 g5 29.g3 gxf4
30.gxf4 a4 31.Bb1 Ba5 32.Ba2 Bxc3 33.Nb5 Bb2 34.Bxc4 Ba6 35.Rb1 Bxb5 36.Bxe6+ Kh8
37.Rxb2 Bxc6 38.f5 a3 39.Rd2 Be4 40.f6 h5 41.Ba2 Bg6 42.Kf2 Kh7 43.Rd7+ Kh6
44.Ra7 Kg5 45.f7  1-0

[Event "3rd Riga Tech Uni Op"]
[Site "Riga LAT"]
[Date "2013.08.05"]
[Round "1.5"]
[White "Vovk,Y"]
[Black "Lokander,M"]
[Result "1-0"]
[WhiteElo "2608"]
[BlackElo "2248"]

1.d4 Nf6 2.c4 g6 3.Nc3 d5 4.cxd5 Nxd5 5.e4 Nxc3 6.bxc3 Bg7 7.Be3 c5 8.Qd2 Qa5
9.Rb1 a6 10.Rc1 O-O 11.Nf3 Rd8 12.d5 e6 13.c4 Qxd2+ 14.Nxd2 Nd7 15.Be2 b6
16.O-O a5 17.Rb1 Ba6 18.dxe6 fxe6 19.Bg4 Kf7 20.f4 Bd4 21.Bxd4 cxd4 22.f5 Ne5
23.fxe6+ Ke7 24.Rxb6 Rd6 25.Rxd6 Kxd6 26.Bh3 Nxc4 27.Nf3 Ne5 28.Rb1 d3 29.Kf2 Nc4
30.Rb3 Ne5 31.Rb6+ Nc6 32.e7 Bc4 33.Nd4 Kc5 34.Rxc6+ Kxd4 35.Rd6+ Kc3 36.Rd8 d2
37.Bg4 h5 38.Bd1  1-0

[Event "100th ch-GBR 2013"]
[Site "Torquay ENG"]
[Date "2013.08.06"]
[Round "8.1"]
[White "Williams,Si1"]
[Black "Howell,D"]
[Result "0-1"]
[WhiteElo "2481"]
[BlackElo "2639"]

1.d4 Nf6 2.c4 g6 3.Nc3 d5 4.cxd5 Nxd5 5.e4 Nxc3 6.bxc3 Bg7 7.Nf3 c5 8.Rb1 O-O
9.Be2 b6 10.O-O e6 11.Bg5 Qc7 12.Qd2 Bb7 13.Qe3 Nd7 14.h4 Nf6 15.Nd2 h5 16.Bf4 Qe7
17.dxc5 bxc5 18.f3 Rfd8 19.Nb3 Rac8 20.Na5 Ba8 21.Ba6 e5 22.Bg5 Rc7 23.Bc4 Kh7
24.Rb5 Qd6 25.Nb3 Rdc8 26.Qc1 Nd7 27.Rd1 Qf8 28.Na5 Nb6 29.Rb2 Nxc4 30.Nxc4 Bc6
31.Rd6 f6 32.Be3 Be8 33.Rbd2 Bf7 34.Na3 Qe8 35.Qd1 Rb7 36.Kh2 Be6 37.c4 Bf8
38.Nb5 Qf7 39.R6d3 Rc6 40.Nc3 Ra6 41.Nd5 Kg7 42.Qc1 Rc6 43.Qa3 Qe8 44.Qa4 Rc8
45.Qa5 Qc6 46.Qc3 Re8 47.Rd1 Kf7 48.Bc1 Bg7 49.Qa5 Bf8 50.Be3 Rc8 51.Rb3 Rxb3
52.axb3 a6 53.Nc3 Rb8 54.Na4 Rxb3 55.Bxc5 Bh6 56.Rd6 Qb7 57.Rxa6 Qd7 58.Rd6 Qb7
59.Bb6 Qe7 60.Bc7 f5 61.g3 Bf4 62.Kg2 Bxg3 63.Qd2 Qxh4 64.Rd7+ Kg8 65.Rd8+ Kg7  0-1

[Event "TCh-ESP CECLUB Div2"]
[Site "Ciudad Real ESP"]
[Date "2013.08.08"]
[Round "3.3"]
[White "Lopez Quevedo,A"]
[Black "Lara Lopez,J"]
[Result "1/2-1/2"]
[WhiteElo "2116"]
[BlackElo "2255"]

1.d4 Nf6 2.c4 g6 3.Nc3 d5 4.cxd5 Nxd5 5.e4 Nxc3 6.bxc3 Bg7 7.Bc4 c5 8.Ne2 Nc6
9.Be3 O-O 10.O-O Na5 11.Bd3 cxd4 12.cxd4 Nc6 13.Bc4 Qa5 14.Rb1 Qc7 15.Bf4 e5
16.dxe5 Nxe5 17.Bd5 Rb8 18.Nd4 Bd7 19.Qb3 Bc6 20.Qg3 Bxd5 21.exd5 Rbd8 22.Nf3 Rxd5
23.Nxe5 Bxe5 24.Bxe5 Qxe5 25.Qxe5 Rxe5 26.Rxb7 Ra5 27.Rb2 Rd8 28.g3 Rd6 29.Rc1 Kg7
30.h4 h5  1/2-1/2

[Event "FSIM August 2013"]
[Site "Budapest HUN"]
[Date "2013.08.09"]
[Round "7.2"]
[White "Korley,K"]
[Black "Von Bahr,O"]
[Result "0-1"]
[WhiteElo "2277"]
[BlackElo "2311"]

1.d4 Nf6 2.c4 g6 3.Nc3 d5 4.cxd5 Nxd5 5.e4 Nxc3 6.bxc3 Bg7 7.Nf3 c5 8.Rb1 O-O
9.Be2 cxd4 10.cxd4 Qa5+ 11.Bd2 Qxa2 12.O-O Bg4 13.Bg5 h6 14.Be3 Nc6 15.d5 Na5
16.e5 Nc4 17.Bd4 Nb6 18.Rb4 Qxd5 19.Bxb6 Qxd1 20.Rxd1 Bxf3 21.Bxf3 axb6 22.e6 f5
23.Rxb6 Rfd8 24.Rxd8+ Rxd8 25.Rxb7 Bf6 26.Rd7 Rc8 27.g3 Kf8 28.h4 h5 29.Kg2 Be5
30.Rd5 Bd6 31.Bxh5 gxh5 32.Rxf5+ Kg7 33.f4 Rc5 34.Rf7+ Kg6 35.Rf8 Rf5 36.Rg8+ Kf6
37.Kf3 Kxe6 38.Ke4 Ra5 39.Rg7 Kf6 40.Rg8 Kf7 41.Rc8 Ra3 42.Rh8 Rxg3 43.Rxh5 Rg4
44.Rf5+ Ke6 45.h5 Rh4 46.Rf8 Rxh5 47.f5+ Kd7 48.f6 Rh4+  0-1

[Event "2nd Washington Int"]
[Site "Rockville USA"]
[Date "2013.08.10"]
[Round "8.23"]
[White "Martin del Campo,J"]
[Black "Kleinman,Michael"]
[Result "1/2-1/2"]
[WhiteElo "2135"]
[BlackElo "2280"]

1.d4 Nf6 2.c4 g6 3.Nc3 d5 4.cxd5 Nxd5 5.e4 Nxc3 6.bxc3 Bg7 7.Nf3 c5 8.Be3 Qa5
9.Qd2 O-O 10.Rc1 Rd8 11.d5 e6 12.Bg5 Rd6 13.Bf4 Rd8 14.Bg5 f6 15.Bf4 Qa4
16.Qc2 Qxc2 17.Rxc2 exd5 18.exd5 Bf5 19.Rc1 Be4 20.Be2 Bxd5 21.Rd1 Na6 22.O-O Bxa2
23.Ra1 Bd5 24.Rfd1 Kh8 25.Bxa6 bxa6 26.Rxa6 Bb7 27.Rxd8+ Rxd8 28.Ra1 a6 29.h3 Bf8
30.Rb1 Rd7 31.Nd2 Kg7 32.Nc4 Be4 33.Ra1 g5 34.Be3 Rd3 35.Nd2 Bf5 36.c4 Bc8
37.Ne4 Rd7 38.Bxc5 Bxc5 39.Nxc5 Rc7  1/2-1/2

[Event "21st Poznan Open"]
[Site "Poznan POL"]
[Date "2013.08.11"]
[Round "6.1"]
[White "Chojnacki,K"]
[Black "Tomczak,J"]
[Result "1/2-1/2"]
[WhiteElo "2407"]
[BlackElo "2574"]

1.d4 Nf6 2.c4 g6 3.Nc3 d5 4.cxd5 Nxd5 5.e4 Nxc3 6.bxc3 Bg7 7.Bc4 c5 8.Ne2 O-O
9.O-O Nc6 10.Be3 e6 11.dxc5 Ne5 12.Bb3 Qa5 13.f4 Ng4 14.Bd4 b6 15.cxb6 Bxd4+
16.Qxd4 Ba6 17.Rae1 Rfd8 18.Qb4 Qxb4 19.cxb4 Rd2 20.Ng3 Bxf1 21.Nxf1 Rd4
22.f5 axb6 23.fxe6 Ne5 24.exf7+ Kg7 25.Ne3 Nxf7 26.Nd5 Re8 27.Nc7 Rexe4 28.Ne6+ Kh6
29.Rf1 Rxb4 30.Rxf7 Rxb3 31.axb3 Rxe6 32.Kf2 Rc6 33.h4 Rc2+ 34.Kf3 Rc3+ 35.Kf4 Rxb3
36.g4 Rb4+ 37.Kf3 Rb3+ 38.Kf4 Rb4+ 39.Kf3 Rb3+  1/2-1/2

[Event "10th Malaysian Open"]
[Site "Kuala Lumpur MAS"]
[Date "2013.08.12"]
[Round "5.8"]
[White "Praveen Kumar,C1"]
[Black "Nguyen Duc Hoa"]
[Result "0-1"]
[WhiteElo "2306"]
[BlackElo "2483"]

1.d4 Nf6 2.c4 g6 3.Nc3 d5 4.cxd5 Nxd5 5.e4 Nxc3 6.bxc3 Bg7 7.Nf3 c5 8.Be3 Qa5
9.Qd2 O-O 10.Rc1 cxd4 11.cxd4 Qxd2+ 12.Kxd2 Rd8 13.Bb5 Nc6 14.Bxc6 bxc6 15.Rc5 f5
16.Rb1 Be6 17.Rxc6 Bxa2 18.Ra1 fxe4 19.Rxa2 exf3 20.gxf3 e5 21.Rc7 exd4 22.Bg5 Rd5
23.h4 a5 24.Rb2 Be5 25.Re7 Bd6 26.Re6 a4 27.Rb7 Bf8 28.Be7 Re8 29.Kd3 a3
30.Bxf8 Rxe6 31.Bxa3 Rf6 32.Bb2 Rxf3+ 33.Kc4 Rd8  0-1

[Event "XXV Jirasek Mem 2013"]
[Site "Rakovnik CZE"]
[Date "2013.08.12"]
[Round "4.5"]
[White "Cech,P"]
[Black "Cernousek,L"]
[Result "1/2-1/2"]
[WhiteElo "2403"]
[BlackElo "2457"]

1.d4 Nf6 2.c4 g6 3.Nc3 d5 4.cxd5 Nxd5 5.e4 Nxc3 6.bxc3 Bg7 7.Nf3 c5 8.Rb1 O-O
9.Be2 Nc6 10.d5 Ne5 11.Nxe5 Bxe5 12.Qd2 e6 13.f4 Bc7 14.O-O exd5 15.exd5 Ba5
16.d6 Rb8 17.Rb5 b6 18.Ba3 Ba6 19.Rxa5 Bxe2 20.Qxe2 bxa5 21.Bxc5 Re8 22.Qd2 Qd7
23.f5 Re5 24.fxg6 hxg6 25.Bd4 Rh5 26.Qf4 Rf5 27.Qh4 Rxf1+ 28.Kxf1 Qf5+ 29.Ke2 Rb2+
30.Ke3 Qe6+ 31.Kf3 Qe2+ 32.Kf4 Qf1+ 33.Ke4 Qf5+ 34.Ke3 Qe6+ 35.Kf3 Qe2+ 36.Kf4 Qf1+
37.Ke4 Qxg2+ 38.Kf4 Qf1+ 39.Ke4 Qf5+ 40.Ke3 Qe6+ 41.Kf3 Qe2+ 42.Kf4 Qf1+
43.Ke4 Qg2+ 44.Kf4 g5+ 45.Qxg5+ Qxg5+ 46.Kxg5 Kf8 47.c4 Rc2 48.c5 Ke8 49.h4 Kd7
50.a3 Ke6 51.h5 Rc4 52.Bf2 f6+ 53.Kg6 Rf4 54.Be1 Rf5 55.h6 Rg5+ 56.Kh7 Rxc5
57.Kg7 Rg5+ 58.Kf8 Rh5 59.Kg7 Rg5+  1/2-1/2

[Event "24th ch-NATO 2013"]
[Site "Rynia POL"]
[Date "2013.08.12"]
[Round "1.13"]
[White "Akman,Serkan"]
[Black "Hater,D"]
[Result "1/2-1/2"]
[WhiteElo "1948"]
[BlackElo "2147"]

1.d4 Nf6 2.c4 g6 3.Nc3 d5 4.cxd5 Nxd5 5.e4 Nxc3 6.bxc3 Bg7 7.Nf3 c5 8.Bb5+ Bd7
9.Bxd7+ Qxd7 10.O-O cxd4 11.cxd4 Nc6 12.Be3 O-O 13.Rb1 e6  1/2-1/2

[Event "FIDE World Cup 2013"]
[Site "Tromso NOR"]
[Date "2013.08.12"]
[Round "2.13"]
[White "Ushenina,A"]
[Black "Svidler,P"]
[Result "1-0"]
[WhiteElo "2500"]
[BlackElo "2746"]

1.d4 Nf6 2.c4 g6 3.Nc3 d5 4.cxd5 Nxd5 5.e4 Nxc3 6.bxc3 Bg7 7.Nf3 c5 8.Rb1 O-O
9.Be2 cxd4 10.cxd4 Qa5+ 11.Bd2 Qxa2 12.O-O Bg4 13.Bg5 h6 14.Be3 Nc6 15.d5 Na5
16.Re1 Bxf3 17.Bxf3 Nc4 18.Bf4 e5 19.dxe6 fxe6 20.Rxb7 Rad8 21.Rd7 Rxd7 22.Qxd7 Ne5
23.Bxe5 Bxe5 24.Rf1 h5 25.Be2 Rf7 26.Qc8+ Rf8 27.Qc6 Bd4 28.Bc4 Rxf2 29.Qxe6+ Kh7
30.Qd7+  1-0

[Event "21st Poznan Open"]
[Site "Poznan POL"]
[Date "2013.08.13"]
[Round "8.1"]
[White "Bartkowiak,D"]
[Black "Tomczak,J"]
[Result "0-1"]
[WhiteElo "2167"]
[BlackElo "2574"]

1.d4 Nf6 2.c4 g6 3.Nc3 d5 4.cxd5 Nxd5 5.e4 Nxc3 6.bxc3 Bg7 7.Bc4 O-O 8.Ne2 c5
9.O-O Nc6 10.Be3 Bd7 11.Qd2 Qa5 12.Qb2 Rab8 13.Bb5 a6 14.Bxc6 Bxc6 15.f3 Bb5
16.Rfd1 Rfd8 17.Rac1 Bc4 18.Rd2 b5 19.a3 Rbc8 20.Kf2 Bxe2 21.Kxe2 Qc7 22.dxc5 Qxh2
23.Kf1 Bf6 24.Rxd8+ Rxd8 25.Qf2 Bh4 26.Qe2 Qh1+ 27.Bg1 Bg5 28.Rc2 e6 29.c4 bxc4
30.c6 Be3 31.Qxe3 Rd1+ 32.Ke2 Rxg1 33.Rxc4 Rxg2+ 34.Kd3 Qd1+ 35.Kc3 Rc2+
36.Kb4 Qb1+ 37.Kc5 Qb5+  0-1

[Event "3rd Split Open 2013"]
[Site "Split CRO"]
[Date "2013.08.13"]
[Round "4.8"]
[White "Afanasiev,Va"]
[Black "Zakhartsov,Vi"]
[Result "1/2-1/2"]
[WhiteElo "2297"]
[BlackElo "2560"]

1.d4 Nf6 2.c4 g6 3.Nc3 d5 4.cxd5 Nxd5 5.e4 Nxc3 6.bxc3 Bg7 7.Bb5+ c6 8.Ba4 O-O
9.Ne2 b5 10.Bb3 a5 11.O-O Nd7 12.Bg5 a4 13.Bc2 Nb6 14.Qc1 f6 15.Bh6 e5 16.Bxg7 Kxg7
17.Rd1 Qe7 18.Ng3 Be6 19.f4 Rad8 20.Qe3 Nc4 21.Qf2 Qa3 22.f5 Bg8 23.fxg6 hxg6
24.Rd3 Nb2 25.Rf3 Qd6 26.Rb1 a3 27.d5 Nc4 28.h4 cxd5 29.h5 Bh7 30.Rxb5 d4
31.Rb7+ Rd7 32.Rxd7+ Qxd7 33.h6+ Kxh6 34.Rxf6 Rxf6 35.Qxf6 Ne3 36.cxd4 Qxd4
37.Qh4+ Kg7 38.Qe7+ Kh6 39.Qh4+ Kg7 40.Qe7+  1/2-1/2

[Event "22nd ZMDI Open 2013"]
[Site "Dresden GER"]
[Date "2013.08.14"]
[Round "5.29"]
[White "Urban,L"]
[Black "Chlost,M"]
[Result "1/2-1/2"]
[WhiteElo "2127"]
[BlackElo "2183"]

1.d4 Nf6 2.c4 g6 3.Nc3 d5 4.cxd5 Nxd5 5.e4 Nxc3 6.bxc3 Bg7 7.Bc4 c5 8.Ne2 Nc6
9.Be3 O-O 10.O-O Qc7 11.Rc1 Rd8 12.h3 Na5 13.Bd3 b6 14.f4 f5 15.Qe1 Qc6 16.d5 Qd6
17.c4 fxe4 18.Bxe4 Ba6 19.f5 Qe5 20.Qh4 Bf6 21.Qg4 Nxc4 22.Bh6 Nd6 23.Ng3 Nxe4
24.Nxe4 Bxf1 25.Rxf1 Qd4+ 26.Kh1 g5 27.Bxg5 Bxg5 28.f6 exf6 29.Nxf6+ Kh8
30.Qxg5 Rf8 31.Qh6 Rf7 32.Rf4 Qa1+ 33.Kh2 Qe5 34.g3 c4 35.Nxh7 Qe2+ 36.Kg1 Qe1+
37.Kg2  1/2-1/2

[Event "FIDE World Cup 2013"]
[Site "Tromso NOR"]
[Date "2013.08.14"]
[Round "2.1"]
[White "Hammer,J"]
[Black "Navara,D"]
[Result "1/2-1/2"]
[WhiteElo "2605"]
[BlackElo "2715"]

1.d4 Nf6 2.c4 g6 3.Nc3 d5 4.cxd5 Nxd5 5.e4 Nxc3 6.bxc3 Bg7 7.Nf3 c5 8.Rb1 O-O
9.Be2 b6 10.O-O Qc7 11.Bg5 Bb7 12.Qd3 e6 13.Qe3 Nd7 14.e5 Rae8 15.Bf4 a6
16.Ng5 b5 17.Qh3 h6 18.Nf3 Kh7 19.Ng5+ Kg8 20.Nf3 Bxf3 21.Bxf3 Kh7 22.a4 Rb8
23.axb5 axb5 24.Be4 b4 25.Qe3 bxc3 26.Qxc3 Rfc8 27.Rxb8 Qxb8 28.Rc1 f5 29.Bf3 c4
30.g4 Qb5 31.gxf5 gxf5 32.Bh5 Qd5 33.Bf3 Qb5 34.Bh5 Qd5 35.h3 Rg8 36.Bf7 Rf8
37.Bh5 Rg8 38.Bf7 Rf8 39.Bh5 Rg8  1/2-1/2

[Event "22nd ZMDI Open 2013"]
[Site "Dresden GER"]
[Date "2013.08.15"]
[Round "6.29"]
[White "Mueller Dehn,C"]
[Black "Heinemann,Josefine"]
[Result "1/2-1/2"]
[WhiteElo "2181"]
[BlackElo "2003"]

1.d4 Nf6 2.c4 g6 3.Nc3 d5 4.cxd5 Nxd5 5.e4 Nxc3 6.bxc3 Bg7 7.Bg5 c5 8.Rc1 Qa5
9.Qd2 Nd7 10.Nf3 e6 11.Bd3 O-O 12.Bh6 f5 13.exf5 exf5 14.Bc4+ Kh8 15.O-O Nb6
16.Bxg7+ Kxg7 17.Bb3 c4 18.Bd1 Be6 19.h4 Nd5 20.Ne5 Rac8 21.Re1 Rfe8 22.h5 Qd8
23.Rb1 b6 24.Ba4 Rh8 25.hxg6 hxg6 26.Nxg6 Kxg6 27.Rxe6+ Kg7 28.Qe2 Qc7 29.g3 Nxc3
30.Qe3 Ne4 31.Rb5 Qf7 32.Rbe5 Qh5 33.Re7+ Kf8 34.Rxf5+ Qxf5 35.Rxe4 Kg7 36.Bd7 Qxd7
37.Re7+ Qxe7 38.Qxe7+ Kg6 39.Qe6+ Kg7 40.Qe7+  1/2-1/2

[Event "88th ch-FRA 2013"]
[Site "Nancy FRA"]
[Date "2013.08.15"]
[Round "5.3"]
[White "Vaisser,A"]
[Black "Cornette,M"]
[Result "1-0"]
[WhiteElo "2544"]
[BlackElo "2592"]

1.d4 Nf6 2.c4 g6 3.Nc3 d5 4.cxd5 Nxd5 5.e4 Nxc3 6.bxc3 Bg7 7.Bg5 c5 8.Rc1 O-O
9.Nf3 Bg4 10.d5 Qd6 11.Qd2 e6 12.Bc4 Nd7 13.dxe6 Qxd2+ 14.Nxd2 Bxe6 15.Bxe6 fxe6
16.Ke2 b5 17.Rhd1 Rf7 18.Be3 a6 19.Nf3 a5 20.Rd6 b4 21.Rcd1 Ra7 22.Ng5 Re7
23.Nxe6 Bxc3 24.Nxc5 Ne5 25.Rd8+ Kf7 26.Na4 Rac7 27.Bc5 Re6 28.f3 g5 29.Rf8+ Kg7
30.Rf5 h6 31.Rd8 Ng6 32.Nxc3 Nf4+ 33.Kd2 bxc3+ 34.Kc2 Nxg2 35.Bf2 Rec6 36.Rfd5 Nf4
37.Rxa5 Rb7 38.Bd4+ Kg6 39.Bxc3 Rbc7 40.Ra3 Ne6 41.Rd3 Nc5 42.Re3 Nd7 43.Ra4 Kf7
44.Rb4 Nb6 45.Rd3 Nd7 46.Kb2 Nc5 47.Re3 Rd7 48.Rc4 Ra7 49.Kb1 Rb6+ 50.Rb4 Rc6
51.Bd4 Rac7 52.Rc3 Nd3 53.Rxd3 Rc1+ 54.Kb2 R7c2+ 55.Ka3 Rxh2 56.Rb7+ Kg6
57.Rb6+  1-0

[Event "XXV Jirasek Mem 2013"]
[Site "Rakovnik CZE"]
[Date "2013.08.15"]
[Round "7.2"]
[White "Kislik,E"]
[Black "Cernousek,L"]
[Result "1/2-1/2"]
[WhiteElo "2352"]
[BlackElo "2457"]

1.d4 Nf6 2.c4 g6 3.Nc3 d5 4.cxd5 Nxd5 5.e4 Nxc3 6.bxc3 Bg7 7.Be3 c5 8.Rc1 Qa5
9.Qd2 cxd4 10.cxd4 Qxd2+ 11.Bxd2 O-O 12.Nf3 e6  1/2-1/2

[Event "24th ch-NATO 2013"]
[Site "Rynia POL"]
[Date "2013.08.16"]
[Round "7.8"]
[White "Narman,G"]
[Black "Ranario,D"]
[Result "0-1"]
[WhiteElo "2102"]
[BlackElo "2062"]

1.d4 Nf6 2.c4 g6 3.Nc3 d5 4.cxd5 Nxd5 5.e4 Nxc3 6.bxc3 Bg7 7.Be3 O-O 8.Qd2 e5
9.d5 c6 10.c4 f5 11.Bd3 b6 12.Bg5 Qd6 13.Rc1 Na6 14.f3 Nc5 15.Ne2 cxd5 16.cxd5 fxe4
17.Bxe4 Nxe4 18.fxe4 Bd7 19.h4 Rf7 20.Rf1 Raf8 21.Rxf7 Rxf7 22.Ng1 h6 23.Be3 Kh7
24.Nf3 Bb5 25.Rb1 Bc4 26.Qb4 Qc7 27.Rc1 b5 28.a4 a6 29.axb5 axb5 30.Rd1 Qd7
31.Qb2 Qg4 32.d6 Qxe4 33.Qc3 Qg4 34.Qd2 Qxh4+ 35.Qf2 Qd8 36.Ng5+ hxg5 37.Bb6 Qd7
38.Qc5 Qg4 39.Kd2 Qxg2+ 40.Kc1 e4 41.Qb4 Rf1 42.Qd2 Qxd2+ 43.Kxd2 Rxd1+ 44.Kxd1 Be6
45.Bc5 g4 46.Ke2 Bh6 47.Bb4 Bf4 48.Kf2 Kg8 49.Ba5 Bxd6 50.Ke3 Bf5 51.Kd4  0-1

[Event "12th Lichtenberger Sommer"]
[Site "Berlin GER"]
[Date "2013.08.17"]
[Round "1.9"]
[White "Junge,Wolfgang"]
[Black "Giemsa,S"]
[Result "0-1"]
[WhiteElo "1819"]
[BlackElo "2312"]

1.d4 Nf6 2.c4 g6 3.Nc3 d5 4.cxd5 Nxd5 5.e4 Nxc3 6.bxc3 Bg7 7.Nf3 c5 8.Rb1 O-O
9.Be2 b6 10.O-O Qc7 11.Be3 Bb7 12.Bd3 Nd7 13.Re1 Nf6 14.Nd2 Rad8 15.f3 Nh5
16.Qa4 a6 17.Rec1 b5 18.Qd1 Nf4 19.Bf1 e5 20.d5 c4 21.a4 Qd7 22.Rb4 Bxd5
23.Bxf4 exf4 24.exd5 Qxd5 25.Rb2 Bxc3 26.Rxc3 Qd4+ 27.Kh1 Qxc3 28.Rc2 Qd4
29.Qc1 Rfe8 30.axb5 axb5 31.Qb2 Qxb2 32.Rxb2 c3  0-1

[Event "28th Schwarzacher Open"]
[Site "Schwarzach AUT"]
[Date "2013.08.17"]
[Round "1.1"]
[White "Epishin,V"]
[Black "Hoffmeister,F GER"]
[Result "1/2-1/2"]
[WhiteElo "2598"]
[BlackElo "2222"]

1.d4 Nf6 2.c4 g6 3.Nc3 d5 4.cxd5 Nxd5 5.e4 Nxc3 6.bxc3 Bg7 7.Qa4+ Nd7 8.Nf3 O-O
9.Be3 a6 10.Be2 b5 11.Qc2 Bb7 12.O-O c5 13.d5 Rc8 14.Rab1 Qa5 15.Rfc1 Nb6
16.c4 b4 17.Bd1 Nd7 18.Ne1 Qc7 19.Nd3 a5 20.Bg4 Ba6 21.Qe2 f5 22.exf5 gxf5
23.Bh3 Rf7 24.Nf4 Nf8 25.Qh5 Qe5 26.g3 Qf6 27.Qd1 Bh6 28.Qa4 Bxf4 29.Bxf4 Ng6
30.Be3 Ne5 31.Bf1 Rg7 32.Bf4 Ng6 33.Bh6 Rf7 34.Re1 f4 35.Re6 Qf5 36.Qd1 fxg3
37.fxg3 Qf2+ 38.Kh1 Rf6 39.Qg4 Re8 40.Bg5 Qxa2 41.Rbe1 Rf2 42.R6e2 Rxe2 43.Rxe2 Qa1
44.Qe6+ Kg7 45.Re1 Qc3 46.Re3 Bc8 47.Qc6 Qa1 48.Rf3 Rf8 49.Bh6+ Kxh6 50.Rxf8 Bh3
51.Kg1 Qd4+ 52.Rf2 Bxf1 53.Kxf1 Qxc4+ 54.Kg2 Qe4+ 55.Kh3 Qe3 56.Ra2 Kg5 57.Kg2 Qe4+
58.Kf2 Qd4+ 59.Kg2 Qe4+  1/2-1/2

[Event "3rd Split Open 2013"]
[Site "Split CRO"]
[Date "2013.08.17"]
[Round "8.6"]
[White "Bosiocic,Mari"]
[Black "Zakhartsov,Vl"]
[Result "1-0"]
[WhiteElo "2563"]
[BlackElo "2324"]

1.d4 Nf6 2.c4 g6 3.Nc3 d5 4.cxd5 Nxd5 5.e4 Nxc3 6.bxc3 Bg7 7.Be3 c5 8.Nf3 Qa5
9.Qd2 O-O 10.Rc1 Rd8 11.d5 Nc6 12.Be2 Bg4 13.O-O e6 14.Bg5 Rd7 15.Qf4 Bxf3
16.dxc6 Bxe2 17.cxd7 Bxf1 18.Qd6 Bc4 19.d8=Q+ Rxd8 20.Qxd8+ Qxd8 21.Bxd8 Bd3
22.f3 Bh6 23.Rd1 Be3+ 24.Kh1 c4 25.Bf6 b5 26.a3 a6 27.Ra1 Bc2 28.Re1 Bc5
29.Re2 Bd3 30.Ra2 Bb1 31.Rb2 Bd3 32.a4 Ba3 33.Ra2 b4 34.cxb4 Bxb4 35.a5 c3
36.Bxc3 Bxc3 37.Ra3 Bxa5 38.Rxa5 Kf8 39.Rc5 h5 40.h4 Ke7 41.e5 Kd7 42.Kh2 Ke7
43.Rc7+ Kf8 44.Kg3 Bf1 45.Rc2 Bd3 46.Rd2 Bc4 47.Kf4 a5 48.Rd8+ Kg7 49.Ra8 Bf1
50.g3 Bb5 51.Rxa5 Bc6 52.Ra3 Bd5 53.Kg5 Bc6 54.g4 hxg4 55.fxg4 Be4 56.Ra7  1-0